Niruvaaka maen muraiyeedukal Niruvaaka sapai : Niruvaaka maen muraiyeedukal Niruvaaka sapaiyonrai amaippatharkku aetpaadu saivatharkum ... sattamoolam
Saved in:
| Main Author: | |
|---|---|
| Format: | Book |
| Published: |
Colombo
Govt. Pub. Bureau
2002
|
| Tags: |
Add Tag
No Tags, Be the first to tag this record!
|
MARC
| LEADER | 00000nam a2200000 a 4500 | ||
|---|---|---|---|
| 100 | |a Ilangai.paaraalumanram | ||
| 245 | |a Niruvaaka maen muraiyeedukal Niruvaaka sapai : Niruvaaka maen muraiyeedukal Niruvaaka sapaiyonrai amaippatharkku aetpaadu saivatharkum ... sattamoolam | ||
| 260 | |a Colombo |b Govt. Pub. Bureau |c 2002 | ||
| 942 | |c AFW | ||
| 999 | |c 147974 |d 147974 | ||